000 01030cam a22002777a 4500
003 CHAP
005 20220329142223.0
008 000224d1992 cl r 00010 spa d
010 _a80096
011 _a81068
035 _a91528
040 _cCHAP
090 _aFolleto 15732
110 _aFAO. Oficina Regional para América Latina y el Caribe
_939640
245 0 _aInforme del taller internacional sobre manejo y aprovechamiento de la iguana verde
_c/por FAO. Oficina Regional para América Latina y El Caribe
260 _aSantiago, Chile :
_bFAO. Oficina Regional para América Latina y El Caribe,
_c1992.
300 _a49 p.
590 _aBATCH-UPD
_b10
_c20130110
_lUCH01
_h0403
590 _aCONVERSION
_b10
_c20130109
_lUCH01
_h1344
650 1 4 _aIguanas.
_957362
711 0 _aTaller Internacional sobre Manejo y Aprovechamiento de la Iguana Verde
_d(1992 :
_cManagua, Nicaragua)
_9111461
901 _aBK
905 _aLilia Sánchez G.
942 _cFOLL
949 _aFolleto 15732
_bBC
_cFAO
_d915281
_eFAO1
_i91528
_sb
999 _c80096
_d80096